São Paulo/Guarulhos Int. Airport Destinations (São Paulo, Brazil) - Statistics

General Stats
  • This quiz has been taken 178 times
    95 since last reset
  • The average score is 62 of 108
Answer Stats
Airline Destination % Correct
KLM Amsterdam
95%
Aerolíneas Argentinas/Flybondi/Gol Linhas Aéreas/LATAM Brasil Buenos Aires (Aeroparque)
94%
Avianca/LATAM Chile Bogotá
92%
Emirates Dubai (International)
92%
LATAM Brasil/LATAM Perú/Sky Airline Peru Lima
92%
LATAM Brasil/TAP Air Portugal Lisbon
92%
TAP Air Portugal Porto
92%
ITA Airways/LATAM Brasil Rome (Fiumicino)
92%
British Airways/LATAM Brasil London (Heathrow)
91%
Air China/Air Europa/Iberia/LATAM Brasil Madrid
91%
American Airlines/LATAM Brasil Miami
91%
American Airlines/Delta Air Lines/LATAM Brasil New York (JFK)
91%
Air France/LATAM Brasil/LATAM Chile Paris (Charles de Gaulle)
91%
Gol Linhas Aéreas/LATAM Brasil Rio de Janeiro (Galeão)
91%
Azul Brazilian Airlines/LATAM Brasil Rio de Janeiro (Santos Dumont)
91%
Air Canada Toronto (Pearson)
91%
Ethiopian Airlines Addis Ababa
89%
Qatar Airways Doha
89%
Turkish Airlines Istanbul
89%
LATAM Brasil/LATAM Chile/Sky Airline/Turkish Airlines Santiago de Chile
89%
Swiss International Air Lines Zurich
89%
Delta Air Lines Atlanta
88%
LATAM Brasil Barcelona
88%
Gol Linhas Aéreas/LATAM Brasil Brasília
88%
LATAM Brasil/Lufthansa Frankfurt
88%
United Airlines Houston (Intercontinental)
88%
LATAM Brasil Los Angeles
88%
United Airlines Chicago (O'Hare)
86%
Aeroméxico/LATAM Brasil Mexico City
86%
South African Airways Cape Town
84%
American Airlines Dallas/Fort Worth
84%
Gol Linhas Aéreas/LATAM Brasil Montevideo
84%
Air Canada Montréal (Trudeau)
84%
Azul Brazilian Airlines/Gol Linhas Aéreas/LATAM Brasil Belo Horizonte (Confins)
83%
Lufthansa Munich
83%
Air China Beijing (Capital)
81%
Royal Air Maroc Casablanca
81%
LATAM Brasil/South African Airways Johannesburg (O.R. Tambo)
81%
TAAG Angola Airlines Luanda
81%
United Airlines Washington (Dulles)
80%
Gol Linhas Aéreas/LATAM Paraguay Asunción
78%
LATAM Brasil Milan (Malpensa)
78%
Copa Airlines Panama City (Tocumen)
78%
Azul Brazilian Airlines/Gol Linhas Aéreas/LATAM Brasil Belém
77%
Gol Linhas Aéreas/LATAM Brasil Fortaleza
77%
Gol Linhas Aéreas/LATAM Brasil Manaus
77%
Gol Linhas Aéreas/LATAM Brasil Salvador da Bahia
77%
Azul Brazilian Airlines/Gol Linhas Aéreas/LATAM Brasil Porto Alegre
75%
Gol Linhas Aéreas Córdoba (AR)
73%
United Airlines Newark
72%
LATAM Brasil Orlando
72%
Azul Brazilian Airlines/Gol Linhas Aéreas/LATAM Brasil Recife
72%
Gol Linhas Aéreas Caracas
70%
Boliviana de Aviación/Gol Linhas Aéreas Santa Cruz de la Sierra (Viru Viru)
69%
LATAM Brasil Boston
67%
Azul Brazilian Airlines/Gol Linhas Aéreas/LATAM Brasil Curitiba
66%
Gol Linhas Aéreas San José (CR)
61%
Azul Brazilian Airlines/Gol Linhas Aéreas/LATAM Brasil Natal
58%
Gol Linhas Aéreas/LATAM Brasil Florianópolis
56%
Aerolíneas Argentinas/Air Canada/Andes Líneas Aéreas/Ethiopian Airlines/Flybondi/LATAM Brasil/Qatar Airways/Swiss International Air Lines/Turkish Airlines Buenos Aires (Ezeiza)
55%
Arajet/Gol Linhas Aéreas Punta Cana
53%
Aerolíneas Argentinas/Gol Linhas Aéreas/LATAM Brasil Mendoza
52%
Gol Linhas Aéreas/LATAM Brasil Vitória
50%
Gol Linhas Aéreas/LATAM Brasil São Luís
48%
Gol Linhas Aéreas/LATAM Brasil Aracaju
45%
Gol Linhas Aéreas/LATAM Brasil Goiânia
45%
Gol Linhas Aéreas/LATAM Brasil João Pessoa
45%
Gol Linhas Aéreas/LATAM Brasil Maceió
38%
Gol Linhas Aéreas/LATAM Brasil Campo Grande
36%
Gol Linhas Aéreas/LATAM Brasil Teresina
36%
LATAM Brasil Macapá
34%
Boliviana de Aviación Cochabamba
33%
Gol Linhas Aéreas/LATAM Brasil Palmas
33%
Aerolíneas Argentinas Ushuaia
33%
Azul Brazilian Airlines/Gol Linhas Aéreas/LATAM Brasil Cuiabá
31%
Gol Linhas Aéreas/LATAM Brasil Foz do Iguaçu
31%
LATAM Brasil Londrina
31%
LATAM Brasil Porto Velho
31%
LATAM Brasil Rio Branco
30%
Gol Linhas Aéreas Aruba
27%
Gol Linhas Aéreas/LATAM Brasil Uberlândia
27%
LATAM Brasil Joinville
25%
Gol Linhas Aéreas/LATAM Brasil Maringá
25%
Gol Linhas Aéreas/LATAM Brasil Petrolina
25%
Azul Brazilian Airlines/Gol Linhas Aéreas/LATAM Brasil Porto Seguro
25%
Gol Linhas Aéreas/LATAM Brasil Cascavel
23%
Azul Brazilian Airlines/Gol Linhas Aéreas/LATAM Brasil Ilhéus
23%
Gol Linhas Aéreas/LATAM Brasil Navegantes
23%
Azul Brazilian Airlines Punta del Este
23%
Gol Linhas Aéreas/LATAM Brasil Sinop
23%
Gol Linhas Aéreas/LATAM Brasil Chapecó
22%
Gol Linhas Aéreas/LATAM Brasil Pelotas
22%
Gol Linhas Aéreas/LATAM Brasil Vitória da Conquista
22%
Gol Linhas Aéreas/LATAM Brasil Fernando de Noronha
20%
LATAM Brasil Imperatriz
20%
LATAM Brasil Montes Claros
20%
Gol Linhas Aéreas/LATAM Brasil Caxias do Sul
19%
Azul Brazilian Airlines/Gol Linhas Aéreas/LATAM Brasil Juazeiro do Norte
19%
Aerolíneas Argentinas/Andes Líneas Aéreas/Gol Linhas Aéreas/LATAM Brasil/Sky Airline San Carlos de Bariloche
19%
LATAM Brasil São José do Rio Preto
19%
Gol Linhas Aéreas/LATAM Brasil Jericoacoara
17%
Gol Linhas Aéreas/LATAM Brasil Passo Fundo
13%
LATAM Brasil Caldas Novas
9%
Aerolíneas Argentinas San Martin de los Andes
9%
Gol Linhas Aéreas Santo Ângelo
6%
Azul Brazilian Airlines Araxá
5%
Andes Líneas Aéreas Posadas
5%
LATAM Brasil Jaguariuna
0%
No matching quizzes found
Score Distribution
Percent of People with Each Score
Percentile by Number Answered
Your Score History
You have not taken this quiz since the last reset